Score 0/49 Timer 07:00
0 Plays Today
Hint 5-Letter Word % Correct
Unlawful activity; the 'C' in 'CSI'CRIME
96.2%
Put pen to paperWRITE
94.9%
★Tiny cookie fragment★★CRUMB★
94.9%
Pile of pancakes or poker chipsSTACK
94.8%
★Not tall★★SHORT★
94%
★Hockey equipment★★STICK★
93.6%
★Monopoly surface★★BOARD★
93%
★Yolk surrounder★★WHITE★
92.8%
Goes to the mallSHOPS
92.3%
Facial feature of Santa or James HardenBEARD
92.3%
Wild hogsBOARS
91.9%
Farmer's yieldsCROPS
91.5%
Like an icy road, or a suave talkerSLICK
91.4%
Eye medicationDROPS
91%
Photo sessionSHOOT
90.2%
ComplainWHINE
89.3%
To pinch into small folds, like pie crustCRIMP
88.6%
Scares away fliesSHOOS
88.5%
Old door noiseCREAK
88.5%
Baloo and Brian UrlacherBEARS
88.4%
1940s singer DinahSHORE
88.2%
Fishing spotCREEK
88.1%
Iron Man's alter egoSTARK
87.6%
Regatta participantsBOATS
87.5%
Surgery souvenirsSCARS
87.5%
Hint 5-Letter Word % Correct
Dog varietyBREED
87.2%
Earn pointsSCORE
86.3%
Former name of Willis TowerSEARS
86.2%
Loud thudding sound; Andy Griffith's partner HelenCRUMP
85.7%
Londoners and GlaswegiansBRITS
85.6%
Musical abilityCHOPS
85.6%
'Captain Marvel' portrayer and French cheese, e.g.BRIES
85.5%
System of beliefs; Michael B. Jordan title characterCREED
85.1%
Close callSCARE
84.9%
Nickelodeon substanceSLIME
84.9%
'_____ On You Crazy Diamond'SHINE
84.7%
Divvy upSHARE
84.4%
Little rascals or sausagesBRATS
84.4%
★Golfing mistake★★SLICE★
84.3%
Weather, poeticallyCLIME
83.3%
★Hiatus★★BREAK★
83.1%
All-time NFL passing yards leaderBREES
83.1%
Hobbits' homeSHIRE
82.9%
Emulates PollockDRIPS
81.8%
Jet rivalSHARK
81.3%
Loses one's footingTRIPS
80.4%
UnoriginalTRITE
78.6%
Hogwash...or cow's stomachTRIPE
78.5%
★Common bond★★BREAD★
61.3%

Today's Daily Dose

Remove Ads.
Support Sporcle.
Get the best of Sporcle when you Go Orange. This ad-free experience offers more features, more stats, and more fun while also helping to support Sporcle. Thank you for becoming a member.

You're not logged in!

Compare scores with friends on all Sporcle quizzes.
OR
Log In

Show Comments

Extras

Top Quizzes Today


Score Distribution

Your Account Isn't Verified!

In order to create a playlist on Sporcle, you need to verify the email address you used during registration. Go to your Sporcle Settings to finish the process.

Report this User

Report this user for behavior that violates our Community Guidelines.

Details: